000 00848nam a2200205 i 4500
001 162165
003 ES-MaACL
005 20250724074559.0
008 011106s1867 sp |||| | spa d
040 _aCCPB | B
_bspa
_cCCPB | B
100 1 _aPiñar, José María.
_9131195
245 1 0 _aTeoría de la eliminación entre dos ecuaciones de grado cualquiera con dos incognitas /
_cpor José María Piñar.
250 _a2ª ed. completamente ref.
260 _aMadrid :
_b[s.n.],
_c1867 (
_fimprenta del Memorial de Ingenieros)
300 _a111 p. ;
_c24 cm.
650 4 _aEcuaciones.
_9135950
650 7 _aÁlgebra
_2embne
_99720
852 _aES-MaACL
_jT-971-F-4
_z-- Enc. hol. conservando la cub. original
_z-- Enc. en un vol. facticio
_z-- Banderilla en pie de imprenta: Madrid: Carlos Bailly- Bailliere, 1867
999 _c162165
_d162165